Statistics for Bands Known for Only One Album

Click here to take the quiz!

General Stats

  • This quiz has been taken 52 times
  • The average score is 6 of 16

Answer Stats

AlbumBand% Correct
Bat Out of HellMeat Loaf
82%
Straight Outta ComptonN.W.A.
69%
TapestryCarole King
62%
Q: Are We Not Men? A: We are ____Devo
51%
HorsesPatti Smith
49%
Enter the __-____ (36 Chambers)Wu-Tang Clan
42%
All Things Must PassGeorge Harrison
38%
Marquee MoonTelevision
38%
Odeseey and OracleThe Zombies
33%
The ScoreFugees
29%
Forever ChangesLove
29%
IllmaticNas
29%
69 Love SongsThe Magnetic Fields
29%
Paid in FullEric. B and Rakim
16%
The Gilded Palace of SinThe Flying Burrito Brothers
16%
ZMy Morning Jacket
4%

Score Distribution

Percentile by Number Answered

Percent of People with Each Score

Your Score History

You have not taken this quiz